000 00503nam a2200169 a 4500
003 BD-DhJNU
005 20250429051034.0
008 250401s1974 ii a b 001 0 eng
040 _aBD-DhJNU
_bENG
_cBD-DhJNU
_dBD-DhJNU
082 0 0 _a306.3 FEO
_223
100 1 _aFedorenko, N. P.
245 1 0 _aOptimal functioning system for a socialist economy /
_cN. P. Fedorenko
260 _aMoscow :
_bProgress Publishers,
_c1974.
300 _a189 p. :
_bill. ;
_c22 cm.
650 0 _aSocialist economy
942 _cBK
999 _c1639
_d1639